Library of the University of Algiers 3
Ibrahim Sultan Cheibout
شعار جامعة الجزائر 3
مكتبة جامعة الجزائر 3
إبراهيم سلطان شيبوط

تسويق الخدمات : (رقم التسجيلة. 44387)

تفاصيل مارك
000 -LEADER
fixed length control field 01481nam a2200229Ia 4500
003 - CONTROL NUMBER IDENTIFIER
control field Ost
005 - DATE AND TIME OF LATEST TRANSACTION
control field 20260507075410.0
008 - FIXED-LENGTH DATA ELEMENTS--GENERAL INFORMATION
fixed length control field 260507s9999||||xx |||||||||||||| ||und||
040 ## - CATALOGING SOURCE
Transcribing agency fsecg
041 ## - LANGUAGE CODE
Language code of text/sound track or separate title ara
082 ## - DEWEY DECIMAL CLASSIFICATION NUMBER
Classification number 330
100 ## - MAIN ENTRY--PERSONAL NAME
Personal name الطائي، حميد
Relator term مؤلف
245 #0 - TITLE STATEMENT
Title تسويق الخدمات :
Remainder of title مدخل استراتيجي وظيفي تطبيقي /
Statement of responsibility, etc. حميد الطائي
260 ## - PUBLICATION, DISTRIBUTION, ETC.
Place of publication, distribution, etc. عمان:
Name of publisher, distributor, etc. داراليازوري العلمية للنشر والتوزيع,
Date of publication, distribution, etc. 2009
300 ## - PHYSICAL DESCRIPTION
Extent 439 صفحة؛
Other physical details إيضاحات ؛
Dimensions 24 سم
504 ## - BIBLIOGRAPHY, ETC. NOTE
Bibliography, etc. note المراجع ص.415
520 ## - SUMMARY, ETC.
Summary, etc. يضم مدخل الى الخدمات، الخدمة الجوهر والخدمات التكميلية الداعمة، المزيج التسويقي للخدمات، دورة حيان المنتج، تحديد مكانة الخدمة في التسويق، انظمة الخدمات، الاستراتيجيات الداعمة لانظمة الخدمة، تصميم الخدمة، ابتكار وتطوير الخدمات الجديدة، إدارة الطلب على الخدمات، جودة الخدمة المدركة ورضا المستفيد، توزيع الخدمات، ترويج الخدمات، التسويق الداخلي، المشكلات المترتبة على تسويق الخدمات
653 ## - INDEX TERM--UNCONTROLLED
Uncontrolled term إدارة الأعمال
653 ## - INDEX TERM--UNCONTROLLED
Uncontrolled term التسويق- خدمات
700 ## - ADDED ENTRY--PERSONAL NAME
Personal name العلاق، بشير
Relator term مؤلف ثانوي
942 ## - ADDED ENTRY ELEMENTS (KOHA)
Koha item type كتب
المقتنيات
Withdrawn status Lost status Source of classification or shelving scheme Damaged status Not for loan Home library Current library Date acquired Serial enumeration / chronology Inventory number Total checkouts Full call number Barcode Date last seen Price effective from Koha item type
    Dewey Decimal Classification   NOT LOAN / إعارة داخلية مكتبة كلية العلوم الإقتصادية والعلوم التجارية وعلوم التسيير مكتبة كلية العلوم الإقتصادية والعلوم التجارية وعلوم التسيير 07/05/2026 الطابق الأرضي 26995   أ/4450ن1 26995 07/05/2026 07/05/2026 كتب
    Dewey Decimal Classification   Available مكتبة كلية العلوم الإقتصادية والعلوم التجارية وعلوم التسيير مكتبة كلية العلوم الإقتصادية والعلوم التجارية وعلوم التسيير 07/05/2026 الطابق الأرضي 26996   أ/4450ن2 26996 07/05/2026 07/05/2026 كتب
    Dewey Decimal Classification   Available مكتبة كلية العلوم الإقتصادية والعلوم التجارية وعلوم التسيير مكتبة كلية العلوم الإقتصادية والعلوم التجارية وعلوم التسيير 07/05/2026 الطابق الثاني 26997   أ/4450ن3 26997 07/05/2026 07/05/2026 كتب

موارد الويب المفتوحة


© University of Algiers 3 All Rights Reserved
|
Implemented by LECHELAH Riad